[Event "IECG TE.2006.P.02211"]
[Site "IECG email"]
[Date "2006.06.19"]
[Round "?"]
[White "Gulbrandsen, Morten"]
[Black "Stadler, Pavel"]
[Result "1/2-1/2"]
[WhiteElo "1236"]
[BlackElo "1631"]
[PlyCount "93"]
[EventDate "2006.06.19"]
[EventType "tourn (corr)"]
[EventRounds "2"]
[SourceTitle "Corr 2024"]
[Source "ChessBase"]
[SourceDate "2023.10.19"]
[SourceVersion "1"]
[SourceVersionDate "2023.10.19"]
[SourceQuality "1"]

1. d4 f5 2. e4 fxe4 3. Nc3 Nf6 4. f3 d5 5. fxe4 dxe4 6. Bg5 Bf5 7. Bc4 Nbd7 8. Nge2 Nb6 9. Bb3 Qd7 10. 0-0 0-0-0 11. a4 e6 12. a5 Nbd5 13. a6 b6 14. Ba4 c6 15. Nxd5 Qxd5 16. Qe1 Be7 17. Qc3 Bg4 18. Bxf6 Bxf6 19. Bxc6 Qd6 20. Bxe4+ Kb8 21. Bf3 Bxf3 22. Qxf3 Bxd4+ 23. Nxd4 Qxd4+ 24. Kh1 Qd7 25. c4 Qc7 26. Rac1 Rd7 27. b4 Rhd8 28. c5 Rd4 29. cxb6 Qxb6 30. Rc6 Qb5 31. Rxe6 g5 32. Qf6 Rd1 33. Ree1 R1d6 34. Qe7 R6d7 35. Qe3 Rd3 36. Qc1 R3d7 37. h3 h6 38. Re6 h5 39. Ref6 h4 40. Rf8 Qd5 41. Qe3 Qb5 42. Qe6 Qd5 43. Qg6 Rxf8 44. Rxf8+ Rd8 45. Rf5 Rg8 46. Qf6 Qd1+ 47. Rf1 1/2-1/2

[Event "IECG TE.2006.P.02211"]
[Site "IECG email"]
[Date "2006.06.19"]
[Round "?"]
[White "Stadler, Pavel"]
[Black "Gulbrandsen, Morten"]
[Result "1/2-1/2"]
[WhiteElo "1631"]
[BlackElo "1236"]
[PlyCount "86"]
[EventDate "2006.06.19"]
[EventType "tourn (corr)"]
[EventRounds "2"]
[SourceTitle "Corr 2024"]
[Source "ChessBase"]
[SourceDate "2023.10.19"]
[SourceVersion "1"]
[SourceVersionDate "2023.10.19"]
[SourceQuality "1"]

1. d4 f5 2. e4 fxe4 3. Nc3 Nf6 4. Nge2 d5 5. Bg5 Bg4 6. h3 Bxe2 7. Qxe2 e6 8. 0-0-0 Be7 9. f3 Nh5 10. Bxe7 Qxe7 11. Rg1 exf3 12. Qxf3 Nf6 13. Re1 Nc6 14. Bb5 0-0 15. Bxc6 bxc6 16. Qe3 Rae8 17. Rgf1 Nd7 18. Rxf8+ Qxf8 19. Kb1 e5 20. a3 e4 21. Ka2 Nb6 22. b3 a5 23. Nb1 a4 24. Re2 Qd6 25. Rf2 axb3+ 26. cxb3 Ra8 27. Kb2 Nd7 28. b4 Nb6 29. Nd2 Qg6 30. g4 Nc8 31. Rf5 Nd6 32. Rf1 Nb5 33. Nb1 Qd6 34. g5 Nxa3 35. Nxa3 Qxb4+ 36. Qb3 Qxd4+ 37. Kb1 Qa7 38. Ka2 Kh8 39. Rf5 Qd4 40. Qb7 Qd2+ 41. Qb2 Qe3 42. Qb4 Kg8 43. Qe7 Qd2+ 1/2-1/2